Educational foundations: an anthology of critical reading.
Αποθηκεύτηκε σε:
| Μορφή: | Βιβλίο |
|---|---|
| Γλώσσα: | Αγγλικά |
| Έκδοση: |
Sage publications
2013
|
| Ετικέτες: |
Προσθήκη ετικέτας
Δεν υπάρχουν, Καταχωρήστε ετικέτα πρώτοι!
|
MARC
| LEADER | 00000nam a22000007a 4500 | ||
|---|---|---|---|
| 008 | 211101b ||||| |||| 00| 0 eng d | ||
| 020 | |a 9781452216768 | ||
| 245 | |a Educational foundations: |b an anthology of critical reading. |c Edited by:Alan S Canestrari & Bruce A. Marlowe |g xxi, 256 pages | ||
| 250 | |b 3rd edition. | ||
| 260 | |b Sage publications |c 2013 |d Book |h Thousand Oaks, Califorinia |i 691958 |i 691959 |l LC196.Ed8. |m Critical pedagogy. |m Teaching. |m Teachers. | ||
| 500 | |a Includes bibliographical references and index. | ||
| 942 | |a lcc |c BK |e Olagoke, M.A. |f 01/11/2021 | ||
| 952 | |0 0 |1 0 |2 lcc |4 0 |7 0 |9 3781 |a HOL |b HOL |c LP |d 2021-11-01 |o LC196.Ed8. |p 2021-67513 |r 2021-11-01 00:00:00 |t 691958 |w 2021-11-01 |y BK | ||
| 952 | |0 0 |1 0 |2 lcc |4 0 |7 0 |9 3782 |a HOL |b HOL |c LP |d 2021-11-01 |o LC196.Ed8. |p 2021-67514 |r 2021-11-01 00:00:00 |t 691959 |w 2021-11-01 |y BK | ||
| 999 | |c 1887 |d 1887 | ||